| 000 | 00656nam a22002297a 4500 | ||
|---|---|---|---|
| 005 | 20170124110035.0 | ||
| 010 | _aA-898835 | ||
| 020 |
_c60.00 _a8175640561 |
||
| 035 | _aA-898835 | ||
| 037 | _bCen Lib/Ret | ||
| 040 |
_aDPL _bEN |
||
| 082 |
_a615.535 _bSUN |
||
| 100 |
_aSunil _922591 |
||
| 245 |
_aNaturopathy / _cby Sunil [and] P.Charles |
||
| 260 |
_aDelhi _bSahni Publications _c1998 |
||
| 270 |
_a4777,Dr, Mitra Gali Roshanara Road _b Delhi _e110007 |
||
| 300 |
_a208p. : _c20cm(Hb) _bill. |
||
| 650 |
_aNaturopathy _922592 |
||
| 650 |
_aHydrotherapy _919396 |
||
| 700 |
_aCharles, P. _922593 |
||
| 942 |
_2ddc _cEN _h615.535 _mSUN |
||
| 999 |
_c128170 _d128170 |
||